000 00814cam a22002413a 4500
001 29496
003 PGUSA
005 20140828083634.0
008 090723s2009||||xxu|||||s|||||000 | eng d
040 _aPGUSA
_beng
042 _adc
050 4 _aE011
245 1 0 _aChristopher Columbus and His Monument Columbia :
_bbeing a concordance of choice tributes to the great Genoese, his grand discovery, and his greatness of mind and purpose
_h[electronic resource]
260 _bProject Gutenberg,
_c2009
506 _aPublic domain in the USA.
516 _aElectronic text
653 _aColumbus, Christopher
653 _aColumbus, Christopher -- Monuments
700 1 _aDickey, J. M.
_q(John Marcus)
830 0 _aProject Gutenberg
_v29496
856 4 0 _uhttp://www.gutenberg.org/ebooks/29496
942 _cEB
999 _c258751
_d258751